Statistics for Countries with the highest Corporate Tax

Click here to take the quiz!

General Stats

  • This quiz has been taken 2 times
  • The average score is 7 of 18

Answer Stats

Tax Rate (at its highest)Answer% Correct
40%Brazil
100%
35%Colombia
100%
35%Democratic Republic of Congo
100%
35%Benin
50%
35%Burundi
50%
33.3%Jamaica
50%
31%Morocco
50%
32%Namibia
50%
33%St. Kitts and Nevis
50%
36%Suriname
50%
34%Venezuela
50%
32.5%Bangladesh
0%
31.5%Cameroon
0%
35%Equatorial Guinea
0%
35%Gabon
0%
31%Gambia
0%
35%Malta
0%
33%Seychelles
0%

Score Distribution

Percentile by Number Answered

Percent of People with Each Score

Your Score History

You have not taken this quiz